Kizuna /

محفوظ في:
التفاصيل البيبلوغرافية
مؤلفون آخرون: Kazuma, Kodaka, Fukuta, Jun
التنسيق: شريحة
اللغة:الإيطالية
منشور في: Lissone : Yamato, 1995
الوسوم: إضافة وسم
لا توجد وسوم, كن أول من يضع وسما على هذه التسجيلة!

MARC

LEADER 00000ngm a22000007i 4500
001 IT\ICCU\UBO\3298787
003 ItRI
005 20260124182855.0
008 071011s1995 it |||||||||||||||k|||||c
028 4 2 |a YO1201 
040 |b ita 
041 7 |a ita  |2 ISO-639-2 
130 0 |a Kizuna <film ; 1994>  |3 IT\ICCU\UBO\3298848 
245 0 0 |a Kizuna /  |c regia di Jun Fukuta ; soggetto originale Kazuma Kodaka. 
246 1 1 |a Relazioni  |9 IT\ICCU\UBO\3298846 
260 |a Lissone :  |b Yamato,  |c 1995 
300 |a 1 videocassetta (VHS)(60 min.) :  |b color., son 
500 |a Tit. del contenitore 
500 |a Film del 1994, prod. Giappone 
500 |a Film vietato ai minori di 14 anni. 
700 1 |a Kazuma, Kodaka  |0 IT\ICCU\UBOV\192821 
700 1 |a Fukuta, Jun  |0 IT\ICCU\UBOV\195888 
942 |2 ddc  |c VM  |n 0 
952 |0 0  |1 0  |4 0  |6 VO_538_000000000000000  |7 0  |9 27358  |a BO  |b BO  |d 2026-01-24  |i 7115  |l 0  |o VO 538  |p BO7115  |r 2026-01-24 18:28:55  |w 2026-01-24  |x [Sebina 5] [1 v.]  |y VM  |z 1 v. 
999 |c 23171  |d 23171